[Event "EU-chT (Men) 14th"]
[Site "Plovdiv"]
[Date "2003.10.18"]
[Round "7.2"]
[White "Moiseenko, Alexander"]
[Black "Pavlovic, Milos"]
[Result "1-0"]
[WhiteElo "2618"]
[BlackElo "2593"]
[Annotator "Finkel,A"]
[PlyCount "79"]
[EventDate "2003.10.10"]
[EventType "team-swiss"]
[EventRounds "9"]
[EventCountry "BUL"]
[SourceTitle "CBM 098"]
[Source "ChessBase"]
[SourceDate "2004.02.03"]
[SourceVersion "1"]
[SourceVersionDate "2004.02.03"]
[SourceQuality "1"]
[WhiteTeam "Ukraine"]
[BlackTeam "Serbia & Montenegro"]
[WhiteTeamCountry "UKR"]
[BlackTeamCountry "YUG"]

1. d4 Nf6 2. Bg5 e6 3. Nf3 {Moiseenko is known for his love for Trompovsky.} c5
4. e3 cxd4 (4... Be7 5. dxc5) (4... b6 $6 5. d5 exd5 6. Nc3 $16) (4... Nc6 5.
Nbd2 b6 6. c3 Be7 7. Bd3 O-O 8. O-O Bb7 $5 9. e4 $6 cxd4 10. cxd4 Nb4) 5. exd4
Be7 6. c3 Nc6 7. Bd3 O-O 8. O-O b6 9. Nbd2 Bb7 10. Re1 Nd5 11. Bxe7 Ncxe7 $11 {
Theoretical verdict about this position is that it's completly equal.} 12. Rc1
(12. Bf1 f5 (12... Rc8 13. a4 f5 14. Qb3 Nf6 15. a5 Ne4 16. axb6 axb6 17. Ba6
Nxd2 18. Nxd2 $14 {Gustafsson,J-Wendt,J/Hamburg 1999}) 13. Ne5 (13. c4 Nf6 14.
b4 $1 Ne4 15. Qb3 Kh8 16. Rad1 Ng8 17. d5 $16 {Balashov,Y-Lebredo,G/Cienfuegos/
1975}) 13... Qc7 14. Rc1 Rae8 15. c4 Nf6 16. Qb3 $14 {Petrosian,T-Taimanov,M/
Leningrad 1960}) (12. Nc4 Qc7 13. a4 Nf4 14. Bf1 Rab8 15. Nce5 d6 16. Nd3 Ned5
$11 {Bisguier,A-Adorjan,A/New York 1986}) (12. a4 a6 (12... Ng6 13. a5 Nh4 14.
Nxh4 Qxh4 15. Nf3 Qf6 16. Be4 b5 17. Ne5 $14 {Cifuentes Parada,R-Brynell,S/
Haninge 1992}) 13. g3 Nf6 14. Qe2 Qc7 15. Ne4 Nxe4 16. Bxe4 Nd5 17. Ne5 Nf6 $11
{Kovacevic,V-Lalic,B/Sarajevo 1988}) 12... Qc7 (12... Nf6 13. c4 d6 14. a3 Rc8
15. b4 Rc7 16. Qb3 Qa8 17. Rc2 Ng6 18. Bf1 Rfc8 $13 {Ye Rongguang-De Haan,E/
Soest 1996}) (12... Rc8 13. c4 Nf4 14. Bf1 d5 15. g3 Nfg6 16. c5 bxc5 17. dxc5
Nc6 $15 {Ungureanu,E-Nisipeanu,L/Tusnad 1997}) 13. Ne4 Rac8 (13... Nf4 14. Bf1
(14. Bb1 $2 f5 15. Ng3 Neg6 $17 {[%csl Rf3,Rg2][%cal Gb7g2]}) 14... Rac8 15.
Ng3 d6 $11) 14. Ng3 Nf4 15. Be4 Neg6 16. a3 b5 17. Bxb7 Qxb7 18. Ne4 Qd5 $6 {
Black is looking for complications.} (18... Qc7 19. Qd2 d6 $11) 19. g3 f5 (
19... Nh5 20. Ne5 Nf6 21. Nxf6+ gxf6 22. Ng4 Kg7 23. Ne3 $14) 20. c4 bxc4 (
20... Qc6 $6 21. Nc3 Nh3+ 22. Kg2 Ng5 23. d5 $18) 21. Nc3 Qb7 22. gxf4 Nxf4 23.
Rb1 Rf6 (23... d6 24. Re3 Qf7 25. Kh1 $16) 24. Re3 Rg6+ 25. Kf1 d6 26. b3 $6 (
26. d5 $5 e5 27. Nh4 Rg5 28. Rg3 Rh5 29. Ng2 Rxh2 30. Nxf4 exf4 31. Rg2 Rh3 32.
Qd4 $16) 26... Ng2 27. Rxe6 Rxe6 28. Kxg2 Rg6+ $6 (28... Qf7 $1 29. bxc4 (29.
Kf1 Qh5) (29. Ne2 Qg6+ 30. Kh1 Qg4 31. Nfg1 Rg6 32. Qf1 c3 $13) 29... Rg6+ 30.
Kh1 Qxc4 31. Qb3 Qxb3 32. Rxb3 a5 33. a4 Rc4 $132) 29. Kf1 Qf7 30. Ne2 f4 $1 {
Of course black takes square f4 under control.} (30... cxb3 31. Qxb3 Qxb3 32.
Rxb3 Re6 33. d5 Re4 34. Nfd4 $16) 31. bxc4 Qf5 (31... Qxc4 32. Qb3 Qxb3 33.
Rxb3 Rf6 34. Rb7 a5 35. Rb5 a4 36. Rb4 Ra8 37. d5 Rf5 38. Nc3 $18) 32. Neg1 Qg4
33. Ke2 Kh8 (33... Re6+ 34. Kd2 Re7 35. Qf1 Qg6 36. Rb4 $14) 34. Qd3 Re6+ 35.
Kd2 Qg2 36. Rf1 Re3 $5 (36... Rce8) 37. Qf5 Rce8 $2 {Painfull blunder in very
complicated position.} (37... Rb8 $1 38. Ng5 Rb2+ 39. Kc1 Qxf1+ 40. Kxb2 Qxf2+
41. Qc2 Qxc2+ 42. Kxc2 Rxa3 $13) 38. Ng5 $18 Qxh2 39. N1f3 Re2+ 40. Kd1 1-0

[Event "Internet op"]
[Site "Internet"]
[Date "2004.01.03"]
[Round "?"]
[White "Moiseenko, Alexander"]
[Black "Roiz, Michael"]
[Result "1-0"]
[WhiteElo "2625"]
[BlackElo "2544"]
[PlyCount "83"]
[EventDate "2004.01.??"]
[EventType "swiss"]
[EventRounds "15"]
[EventCountry "NET"]
[SourceTitle "EXT 2005"]
[Source "ChessBase"]
[SourceDate "2004.11.15"]
[SourceVersion "1"]
[SourceVersionDate "2004.11.15"]
[SourceQuality "1"]

1. d4 Nf6 2. Bg5 Ne4 3. Bf4 d6 4. f3 Nf6 5. e4 c5 6. c3 Qb6 7. Qd2 Nc6 8. Be3
cxd4 9. cxd4 d5 10. Nc3 e6 11. Bd3 Be7 12. Nge2 O-O 13. Rc1 Bd7 14. e5 Ne8 15.
O-O Rc8 16. f4 f5 17. Kh1 Na5 18. b3 g6 19. Rg1 Ng7 20. h3 Rc7 21. g4 Kh8 22.
Ng3 Bb4 23. gxf5 gxf5 24. Qg2 Be8 25. Nge2 Rg8 26. Bxf5 exf5 27. Nxd5 Rxc1 28.
Nxb6 Rxg1+ 29. Nxg1 axb6 30. d5 Ne6 31. Qc2 Ng7 32. Bxb6 Nc6 33. Bc5 Be1 34.
Nf3 Bg3 35. Qc4 Nd8 36. Be7 Bh5 37. Kg2 Ne8 38. Ng5 Bxf4 39. Qxf4 Nf7 40. Kh2
h6 41. Nxf7+ Kh7 42. Qxh6# 1-0

[Event "EU-ch 4th"]
[Site "Istanbul"]
[Date "2003.06.07"]
[Round "8"]
[White "Moiseenko, Alexander"]
[Black "David, Alberto"]
[Result "1-0"]
[WhiteElo "2627"]
[BlackElo "2548"]
[Annotator "Finkel,A"]
[PlyCount "71"]
[EventDate "2003.05.30"]
[EventType "swiss"]
[EventRounds "13"]
[EventCountry "TUR"]
[SourceTitle "CBM 096"]
[Source "ChessBase"]
[SourceDate "2003.09.25"]
[SourceVersion "1"]
[SourceVersionDate "2003.09.25"]
[SourceQuality "1"]

1. d4 Nf6 2. Bg5 Ne4 3. Bf4 c5 4. f3 Qa5+ 5. c3 Nf6 6. d5 Qb6 7. b3 d6 8. e4 g6
(8... e5 9. dxe6 Bxe6 10. Na3 Nc6 11. Nc4 Bxc4 12. Bxc4 Be7 13. Nh3 $14 {
Legky,N-Anka,E/Metz 1994}) 9. Bd3 (9. c4 Bg7 10. Nc3 O-O 11. Qd2 Qa5 12. Rc1
Re8 13. Bd3 a6 14. Bh6 Bh8 $13 {Piva,G-Gurevich,D/Bratto 1998}) (9. Qd2 Bg7 10.
Bh6 Bxh6 (10... O-O 11. Bxg7 Kxg7 12. c4 e6 13. Bd3 Nbd7 14. Ne2 Ne5 15. Nbc3
exd5 {1/2-1/2 Kovacevic,B-Sermek,D/Pula 2001/CBM 84 ext (15)}) 11. Qxh6 a5 12.
a4 Qxb3 13. Bb5+ Bd7 14. Qc1 Bxb5 15. Nd2 Qxa4 16. Rxa4 Bxa4 17. c4 $16 {
Minasian,A-Paragua,M/Linares 2001}) 9... Bg7 10. Ne2 O-O 11. Na3 Nbd7 12. Nc4
Qc7 (12... Qd8 13. a4 Nh5 14. Be3 Ne5 15. Nxe5 Bxe5 16. O-O f5 17. exf5 gxf5
18. f4 $14 {Tichy,V-Michalek,J/CZE 1999}) 13. a4 Nb6 {This move makes sense
because black is interested to trade pieces in order to decrease white's
pressure.} (13... b6 14. O-O a6 15. Qd2 Re8 16. Ng3 Bb7 17. b4 Ne5 18. Nxe5
dxe5 19. Be3 $14 {Adams,M-Tkachiev,V/Wijk aan Zee 1995}) 14. Qd2 Nxc4 15. Bxc4
a6 (15... b6 16. Bh6 a6 17. O-O Bd7 18. Ng3 b5 19. Be2) 16. a5 Bd7 17. Bh6 b5
18. axb6 Qxb6 19. Bxg7 Kxg7 20. O-O {[%cal Ge2g3,Gf3f4]} Bb5 {White's attempts
to create sometihng on the kingsie are pretty harmless at this stage so black
is looking for counterplay at the other part of the board.} 21. Ng3 Bxc4 22.
bxc4 Qb3 23. Qd3 Nd7 24. f4 (24. Rfb1 Ne5 25. Rxb3 Nxd3 26. Rba3 Rfb8 $15)
24... Nb6 25. Rab1 Qxc4 26. Qf3 Rab8 $2 (26... Na4 $1 27. Ne2 $6 Rab8 28. Rxb8
Rxb8 29. f5 f6 30. fxg6 hxg6 $15) 27. f5 f6 (27... e5 28. f6+ Kh8 29. Qe3 Rg8
30. Rbc1 Na4) 28. fxg6 hxg6 29. Qg4 $1 Nxd5 (29... Qxc3 30. Nf5+ Kf7 31. Nxe7
Kxe7 32. Qe6+ Kd8 33. Qxd6+ $18) 30. Nf5+ Kh7 (30... Kf7 31. exd5 Qxg4 32. Nh6+
Kg7 33. Nxg4 $18) 31. Rbe1 $18 Nxc3 (31... gxf5 32. Rxf5 Nf4 33. Rxf4 Rg8 34.
Qh4+ Kg7 35. e5 $18) 32. Rf3 Ne2+ 33. Rxe2 Qc1+ 34. Kf2 Qg5 35. Qh3+ Kg8 36.
Nxe7+ 1-0

[Event "Wch Blitz 7th"]
[Site "Khanty-Mansiysk"]
[Date "2013.06.10"]
[Round "26"]
[White "Moiseenko, Alexander"]
[Black "Guseinov, Gadir"]
[Result "1-0"]
[WhiteElo "2711"]
[BlackElo "2631"]
[PlyCount "125"]
[EventDate "2013.06.09"]
[EventType "swiss (blitz)"]
[EventRounds "30"]
[EventCountry "RUS"]
[SourceTitle "CBM 154 Extra"]
[Source "ChessBase"]
[SourceDate "2013.06.25"]
[SourceVersion "2"]
[SourceVersionDate "2013.06.25"]
[SourceQuality "1"]

1. d4 Nf6 2. Bg5 e6 3. Nf3 b6 4. c4 Bb7 5. Nc3 d6 6. d5 exd5 7. cxd5 Nbd7 8. e4
Be7 9. Bb5 O-O 10. O-O Nc5 11. Re1 a6 12. Bc6 Bxc6 13. dxc6 a5 14. Bf4 Re8 15.
Qc2 Bf8 16. Nd4 Ne6 17. Nxe6 Rxe6 18. Nd5 Nxd5 19. exd5 Rxe1+ 20. Rxe1 Qf6 21.
Qd2 a4 22. h3 h6 23. Be3 Qf5 24. Rd1 h5 25. Qd3 Qe5 26. Qd4 Qf5 27. Qd3 Qe5 28.
Qd4 Qf5 29. Rc1 Be7 30. Qd2 Bd8 31. Rd1 Ra5 32. Qd3 Qxd3 33. Rxd3 Kf8 34. Kf1
Rb5 35. b3 axb3 36. axb3 f5 37. Ke2 Kf7 38. Kd2 g5 39. Kc3 f4 40. Kc4 Ra5 41.
Bd2 Ra2 42. g3 fxg3 43. fxg3 Bf6 44. g4 hxg4 45. hxg4 Bd8 46. Rf3+ Ke8 47. Re3+
Kf7 48. Rf3+ Ke8 49. Rf2 Rc2+ 50. Kd3 Rc5 51. Ke4 Rc2 52. Be3 Rc3 53. Rh2 Bf6
54. Rh7 Rxb3 55. Rxc7 Bd8 56. Rh7 Be7 57. c7 Rc3 58. Bxb6 Bf8 59. Kf5 Be7 60.
Ke6 Bf8 61. Rh8 Rc2 62. Rxf8+ Kxf8 63. Kd7 1-0

[Event "UKR-chT"]
[Site "Alushta"]
[Date "2002.04.13"]
[Round "4"]
[White "Moiseenko, Alexander"]
[Black "Romanishin, Oleg M"]
[Result "1-0"]
[WhiteElo "2559"]
[BlackElo "2576"]
[PlyCount "55"]
[EventDate "2002.04.10"]
[EventType "team"]
[EventRounds "9"]
[EventCountry "UKR"]
[SourceTitle "EXT 2003"]
[Source "ChessBase"]
[SourceDate "2002.11.25"]
[SourceVersion "1"]
[SourceVersionDate "2002.11.25"]
[SourceQuality "1"]

1. d4 Nf6 2. Bg5 Ne4 3. Bf4 d5 4. f3 Nf6 5. e4 dxe4 6. Nc3 e3 7. Bxe3 e6 8. Qd2
Be7 9. O-O-O O-O 10. g4 Nc6 11. Kb1 Nb4 12. h4 a5 13. Nge2 a4 14. a3 Nbd5 15.
g5 Nxc3+ 16. Nxc3 Nd5 17. Nxd5 Qxd5 18. Bd3 Qa5 19. c3 Ra6 20. Qc2 Rb6 21. Ka1
Rb3 22. Bc1 Kh8 23. Bxh7 Bxa3 24. bxa3 Rxc3 25. Qb1 Rb3 26. Bb2 b5 27. Bc2 Rxf3
28. Rdf1 1-0

[Event "Wch Blitz"]
[Site "Doha"]
[Date "2016.12.30"]
[Round "19"]
[White "Moiseenko, Alexander"]
[Black "Aleksandrov, Aleksej"]
[Result "1-0"]
[WhiteElo "2657"]
[BlackElo "2574"]
[PlyCount "64"]
[EventDate "2016.12.29"]
[EventType "swiss (blitz)"]
[EventRounds "21"]
[EventCountry "QAT"]
[SourceTitle "CBM 176 Extra"]
[Source "ChessBase"]
[SourceDate "2017.03.02"]
[SourceVersion "1"]
[SourceVersionDate "2017.03.02"]
[SourceQuality "1"]

1. d4 Nf6 2. Bg5 e6 3. e4 h6 4. Bxf6 Qxf6 5. c3 d6 6. Bd3 g6 7. Ne2 Bg7 8. O-O
Qe7 9. f4 Nd7 10. Nd2 e5 11. Nf3 exd4 12. cxd4 O-O 13. Qd2 c5 14. Rae1 cxd4 15.
Nexd4 Nc5 16. Bc2 Bd7 17. b4 Ne6 18. Nf5 gxf5 19. exf5 Bb5 20. fxe6 fxe6 21.
Bb3 Rf6 22. Rxe6 Rxe6 23. Re1 Bd7 24. f5 Rf8 25. Bxe6+ Bxe6 26. fxe6 Rf6 27.
Qd5 Rf4 28. a3 a6 29. g3 Rf8 30. Kg2 Rc8 31. Re2 b5 32. Nh4 Qg5 1-0

[Event "Wch Blitz 8th"]
[Site "Dubai"]
[Date "2014.06.19"]
[Round "7"]
[White "Moradiabadi, Elshan"]
[Black "Efimenko, Zahar"]
[Result "1-0"]
[WhiteElo "2586"]
[BlackElo "2648"]
[PlyCount "107"]
[EventDate "2014.06.19"]
[EventType "swiss (blitz)"]
[EventRounds "21"]
[EventCountry "UAE"]
[SourceTitle "CBM 160 Extra"]
[Source "ChessBase"]
[SourceDate "2014.07.01"]
[SourceVersion "1"]
[SourceVersionDate "2014.07.01"]
[SourceQuality "1"]

1. d4 Nf6 2. Bg5 d5 3. e3 c5 4. Nd2 Nc6 5. c3 Qb6 6. Qb3 e6 7. Ngf3 Be7 8. Be2
O-O 9. O-O Bd7 10. Qxb6 axb6 11. Ne5 Rfd8 12. f4 h6 13. Bh4 c4 14. a3 b5 15.
Bxf6 gxf6 16. Nxd7 Rxd7 17. e4 dxe4 18. Nxe4 f5 19. Ng3 Bf6 20. Rfd1 Ne7 21.
Nh5 Bh8 22. Bf3 Rad8 23. Re1 Kf8 24. h3 Nd5 25. Kh2 Ne7 26. g4 fxg4 27. hxg4
Nd5 28. Bxd5 Rxd5 29. Kg3 Ke7 30. f5 Kd7 31. Nf4 Rd6 32. fxe6+ fxe6 33. Re4 Re8
34. Rae1 Bf6 35. Ng6 Bg5 36. Ne5+ Ke7 37. Rf1 Bf6 38. Ng6+ Kf7 39. Nf4 Kg8 40.
Nh5 Bg5 41. Re5 Rd5 42. Rfe1 Kf7 43. Nf4 Bxf4+ 44. Kxf4 Rxe5 45. Rxe5 Re7 46.
Rxb5 Rc7 47. Ke5 Rd7 48. a4 Kg6 49. Kxe6 Rd8 50. d5 Kg5 51. d6+ Kxg4 52. Ke7
Rh8 53. d7 h5 54. d8=Q 1-0

[Event "Catalunya-chT Gp2"]
[Site "Barcelona"]
[Date "2015.02.14"]
[Round "4.2"]
[White "Moskalenko, Viktor"]
[Black "Lopez Martinez, Josep Manuel"]
[Result "1-0"]
[WhiteElo "2523"]
[BlackElo "2538"]
[PlyCount "113"]
[EventDate "2015.01.24"]
[EventType "team-tourn"]
[EventRounds "7"]
[EventCountry "ESP"]
[SourceTitle "CBM 164 Extra"]
[Source "ChessBase"]
[SourceDate "2015.03.02"]
[SourceVersion "1"]
[SourceVersionDate "2015.03.02"]
[SourceQuality "1"]
[WhiteTeam "Barcelona Escola Escacs"]
[BlackTeam "Colon de Sabadell"]
[WhiteTeamCountry "ESP"]
[BlackTeamCountry "ESP"]

1. d4 Nf6 2. Bg5 d5 3. Nd2 c5 4. dxc5 e6 5. e3 Bxc5 6. Ngf3 Nc6 7. Bd3 Be7 8.
O-O O-O 9. c4 h6 10. Bh4 b6 11. Rc1 Bb7 12. Qe2 d4 13. Rfd1 dxe3 14. fxe3 Ng4
15. Bxe7 Qxe7 16. h3 Nge5 17. Be4 Rac8 18. b3 Nd7 19. Nd4 Nf6 20. Bxc6 Bxc6 21.
Nxc6 Rxc6 22. Nf3 Rd8 23. Rxd8+ Qxd8 24. Rd1 Rd6 25. Rd4 e5 26. Rxd6 Qxd6 27.
Qd2 Qc5 28. Qc3 e4 29. Nd4 Nd5 30. Qe1 Nb4 31. Qg3 Qe7 32. a3 Nd3 33. b4 g6 34.
Nf5 Qe6 35. Nxh6+ Kg7 36. Ng4 Qxc4 37. Qh4 Qc1+ 38. Kh2 Qf1 39. Qh6+ Kg8 40.
Qg5 Kg7 41. Qh6+ Kg8 42. Qg5 Kg7 43. Qd5 Qf5 44. Qd4+ f6 45. Qd6 Ne5 46. Nxe5
fxe5 47. Qe7+ Kh6 48. Qxa7 Qe6 49. Qb8 g5 50. Qb7 Qg6 51. Qe7 Qf5 52. Qd6+ Kh7
53. Qc7+ Kh8 54. Qxb6 Kh7 55. Qc7+ Kg6 56. Qd6+ Kg7 57. b5 1-0

[Event "Catalunya-chT"]
[Site "Barcelona"]
[Date "2011.02.19"]
[Round "4"]
[White "Moskalenko, Viktor"]
[Black "Alsina Leal, Daniel"]
[Result "1-0"]
[WhiteElo "2564"]
[BlackElo "2531"]
[PlyCount "77"]
[EventDate "2011.01.29"]
[EventType "team-tourn"]
[EventRounds "11"]
[EventCountry "ESP"]
[SourceTitle "EXT 2012"]
[Source "ChessBase"]
[SourceDate "2011.11.24"]
[SourceVersion "1"]
[SourceVersionDate "2011.11.24"]
[SourceQuality "1"]
[WhiteTeam "Barcelona Escola Escacs"]
[BlackTeam "UGA"]
[WhiteTeamCountry "ESP"]
[BlackTeamCountry "ESP"]

1. d4 Nf6 2. Bg5 Ne4 3. Bf4 c5 4. f3 Qa5+ 5. c3 Nf6 6. d5 Qb6 7. Bc1 e6 8. e4
exd5 9. exd5 Bd6 10. c4 O-O 11. Bd3 Re8+ 12. Ne2 Qc7 13. Nbc3 a6 14. Qc2 Be5
15. Bg5 h6 16. Bxf6 Bxf6 17. Ne4 Be7 18. O-O d6 19. N2g3 Nd7 20. Rae1 b5 21. b3
bxc4 22. bxc4 Ne5 23. Be2 f5 24. f4 Nf7 25. Nc3 g6 26. Bd3 Bd7 27. Re6 Nh8 28.
Bxf5 gxf5 29. Nxf5 Bf8 30. Nxh6+ Bxh6 31. Rxh6 Re7 32. Ne4 Kg7 33. Rh5 Nf7 34.
Qc3+ Kg8 35. Nf6+ Kf8 36. Qg3 Re2 37. Rh7 Ke7 38. Qh4 Rf8 39. Nh5+ 1-0

[Event "Beijing Sportaccord blitz (Women)"]
[Site "Beijing"]
[Date "2014.12.15"]
[Round "27"]
[White "Muzychuk, Mariya"]
[Black "Cramling, Pia"]
[Result "1-0"]
[WhiteElo "2529"]
[BlackElo "2518"]
[PlyCount "85"]
[EventDate "2014.12.13"]
[EventType "tourn (blitz)"]
[EventRounds "30"]
[EventCountry "CHN"]
[EventCategory "12"]
[SourceTitle "CBM 163 Extra"]
[Source "ChessBase"]
[SourceDate "2014.12.23"]
[SourceVersion "1"]
[SourceVersionDate "2014.12.23"]
[SourceQuality "1"]

1. d4 Nf6 2. Bg5 Ne4 3. Bf4 c5 4. f3 Qa5+ 5. c3 Nf6 6. d5 e6 7. e4 exd5 8. exd5
d6 9. Qd2 Be7 10. c4 Qc7 11. Nc3 O-O 12. Bd3 Re8 13. Nge2 Nbd7 14. O-O a6 15.
Ng3 Bf8 16. Rae1 b6 17. Rxe8 Nxe8 18. Nce4 Ndf6 19. Re1 Bd7 20. Qc2 g6 21. Qd2
Bg7 22. Bh6 Nxe4 23. Nxe4 Bf5 24. Bxg7 Kxg7 25. Qc3+ Kg8 26. Nf6+ Nxf6 27. Qxf6
Bxd3 28. Re7 Qxe7 29. Qxe7 Bxc4 30. Qxd6 Bxa2 31. Qc6 Rd8 32. d6 Be6 33. Qxb6
Rd7 34. Qxc5 a5 35. h4 h5 36. Kf2 a4 37. Ke3 Kg7 38. Qe5+ Kg8 39. Kf4 Kh7 40.
Kg5 Rb7 41. Kf6 Bf5 42. Qe8 Be6 43. Qf8 1-0

[Event "Staufer op 26th"]
[Site "Schwaebisch Gmuend"]
[Date "2014.01.05"]
[Round "8"]
[White "Nabaty, Tamir"]
[Black "Miezis, Normunds"]
[Result "1-0"]
[WhiteElo "2568"]
[BlackElo "2555"]
[PlyCount "83"]
[EventDate "2014.01.02"]
[EventType "swiss"]
[EventRounds "9"]
[EventCountry "GER"]
[SourceTitle "CBM 158 Extra"]
[Source "ChessBase"]
[SourceDate "2014.02.28"]
[SourceVersion "1"]
[SourceVersionDate "2014.02.28"]
[SourceQuality "1"]

1. d4 Nf6 2. Bg5 e6 3. e4 h6 4. Bxf6 Qxf6 5. c3 e5 6. Bc4 Nc6 7. Ne2 d6 8. O-O
g5 9. Bb5 a6 10. Qa4 Ra7 11. Bxc6+ bxc6 12. dxe5 dxe5 13. Nd2 h5 14. Ng3 Rh6
15. Nc4 Be7 16. Ne3 Bc5 17. Ngf5 Rg6 18. Rad1 Kf8 19. Rd2 Kg8 20. Qd1 Bxf5 21.
Rd8+ Kh7 22. Nxf5 g4 23. Qd7 Qe6 24. Rd1 a5 25. Rb8 Qxd7 26. Rxd7 Rf6 27. Rdd8
Rxf5 28. exf5 Kg7 29. Ra8 Rb7 30. Rab8 Rxb8 31. Rxb8 Kf6 32. b4 Bb6 33. a4 Kxf5
34. Ra8 axb4 35. cxb4 Ke4 36. a5 Bd4 37. Rc8 Kd3 38. Rxc7 f5 39. Kf1 h4 40. a6
g3 41. hxg3 hxg3 42. Rd7 1-0

[Event "Smyslov Region Group Cup"]
[Site "Moscow RUS"]
[Date "2021.08.16"]
[Round "12.10"]
[White "Najer, E."]
[Black "Karjakin, Sergey"]
[Result "1-0"]
[WhiteElo "2654"]
[BlackElo "2757"]
[PlyCount "75"]
[EventDate "2021.08.16"]
[EventType "swiss (blitz)"]
[EventRounds "14"]
[EventCountry "RUS"]
[SourceTitle "The Week in Chess 1397"]
[Source "Mark Crowther"]
[SourceDate "2021.08.16"]
[SourceVersion "2"]
[SourceVersionDate "2021.08.17"]
[SourceQuality "2"]

1. d4 Nf6 2. Bg5 d5 3. Nd2 c5 4. dxc5 e6 5. e4 Bxc5 6. Qe2 h6 7. Bh4 Be7 8. e5
Nfd7 9. Bxe7 Qxe7 10. O-O-O Nc6 11. f4 b6 12. Ngf3 Bb7 13. Kb1 Rc8 14. Nb3 a6
15. h4 b5 16. Rh3 Nb6 17. Rg3 O-O 18. f5 exf5 19. Qe3 Nc4 20. Qxh6 f6 21. e6
Nd6 22. Nfd4 Ne5 23. Bd3 Nxd3 24. cxd3 a5 25. Nxa5 Ba8 26. h5 b4 27. Qd2 Qa7
28. Ndb3 Rb8 29. Re1 Rfe8 30. h6 g5 31. e7 Rxe7 32. Rxg5+ fxg5 33. Qxg5+ Kf8
34. Qf6+ Nf7 35. Qg7+ Ke8 36. Rc1 Kd7 37. Nc5+ Kd6 38. Qf6+ 1-0

[Event "Wch Blitz 8th"]
[Site "Dubai"]
[Date "2014.06.20"]
[Round "17"]
[White "Nakamura, Hikaru"]
[Black "Aronian, Levon"]
[Result "1-0"]
[WhiteElo "2775"]
[BlackElo "2815"]
[PlyCount "93"]
[EventDate "2014.06.19"]
[EventType "swiss (blitz)"]
[EventRounds "21"]
[EventCountry "UAE"]
[SourceTitle "CBM 160 Extra"]
[Source "ChessBase"]
[SourceDate "2014.07.01"]
[SourceVersion "1"]
[SourceVersionDate "2014.07.01"]
[SourceQuality "1"]

1. d4 Nf6 2. Bg5 g6 3. Bxf6 exf6 4. e3 d5 5. Ne2 c6 6. Nf4 Bd6 7. g3 h5 8. h4
Bg4 9. Be2 Bxe2 10. Qxe2 Nd7 11. Nd2 Nb6 12. Nd3 Qe7 13. c3 O-O 14. g4 hxg4 15.
Qxg4 f5 16. Qf3 Nd7 17. O-O-O Nf6 18. Rde1 Kg7 19. h5 Rh8 20. hxg6 fxg6 21. Qg2
Ng4 22. Reg1 Rxh1 23. Rxh1 Rh8 24. Rxh8 Kxh8 25. f3 Nxe3 26. Qxg6 Bc7 27. f4
Nc4 28. Ne5 Bxe5 29. Qh5+ Qh7 30. Qxh7+ Kxh7 31. fxe5 Nxd2 32. Kxd2 f4 33. Ke2
Kg6 34. Kf3 Kg5 35. e6 Kf6 36. Kxf4 Kxe6 37. Kg5 a5 38. a4 b5 39. axb5 cxb5 40.
Kg6 a4 41. Kg5 Kd6 42. Kf6 Kc6 43. Ke6 b4 44. cxb4 Kb5 45. Kxd5 Kxb4 46. Kc6
Kb3 47. Kb5 1-0

[Event "ACP Blitz"]
[Site "playchess.com INT"]
[Date "2006.??.??"]
[Round "6"]
[White "Nakamura, Hikaru"]
[Black "Ginsburg, Gennadij"]
[Result "1-0"]
[WhiteElo "2640"]
[BlackElo "2506"]
[PlyCount "47"]
[EventDate "2006.12.??"]
[EventType "swiss (blitz)"]
[EventRounds "11"]
[EventCountry "GER"]
[SourceTitle "EXT 2013"]
[Source "ChessBase"]
[SourceDate "2012.11.22"]
[SourceVersion "1"]
[SourceVersionDate "2012.11.22"]
[SourceQuality "1"]

1. d4 Nf6 2. Bg5 g6 3. Bxf6 exf6 4. e3 Bg7 5. h4 h5 6. Ne2 d5 7. c4 dxc4 8. Nf4
c5 9. d5 f5 10. Nc3 b5 11. d6 O-O 12. Be2 b4 13. Nb5 Nc6 14. Bxc4 Ba6 15. a4
Bxb2 16. Nxg6 Qf6 17. Nxf8 Bxa1 18. Nd7 Bc3+ 19. Kf1 Qg7 20. Rh3 Ne5 21. Nxe5
Bxe5 22. f4 Qg4 23. Be2 Bxb5 24. axb5 1-0

[Event "Nakamura-Nepomniashchy m"]
[Site "playchess.com INT"]
[Date "2007.02.28"]
[Round "?"]
[White "Nakamura, Hikaru"]
[Black "Nepomniachtchi, Ian"]
[Result "1-0"]
[WhiteElo "2651"]
[BlackElo "2587"]
[PlyCount "49"]
[EventDate "2007.02.28"]
[EventType "match (blitz)"]
[EventRounds "20"]
[EventCountry "GER"]
[SourceTitle "CBM 117 Extra"]
[Source "ChessBase"]
[SourceDate "2007.05.09"]
[SourceVersion "1"]
[SourceVersionDate "2007.05.09"]
[SourceQuality "1"]

1. d4 Nf6 2. Bg5 d5 3. e3 Nbd7 4. Nf3 g6 5. c4 Bg7 6. cxd5 Nxd5 7. Nc3 N5b6 8.
Be2 O-O 9. O-O a6 10. b4 Nf6 11. Rc1 Be6 12. a3 Nfd5 13. Ne4 Nd7 14. Nfd2 c6
15. Nb3 f6 16. Bh4 Bf7 17. Na5 Qb6 18. Bg3 Rae8 19. Qa4 e5 20. dxe5 Nxe5 21.
Nd6 Re7 22. e4 Nc7 23. Bxe5 Rxe5 24. Nxf7 Kxf7 25. Nc4 1-0

[Event "Mallorca Trophy-A"]
[Site "playchess.com INT"]
[Date "2004.02.08"]
[Round "3.1"]
[White "Nakamura, Hikaru"]
[Black "McShane, Luke J"]
[Result "1-0"]
[WhiteElo "2571"]
[BlackElo "2651"]
[PlyCount "85"]
[EventDate "2004.02.08"]
[EventType "tourn (blitz)"]
[EventRounds "12"]
[EventCountry "GER"]
[EventCategory "12"]
[SourceTitle "CBM 098 Extra"]
[Source "ChessBase"]
[SourceDate "2004.03.10"]
[SourceVersion "2"]
[SourceVersionDate "2004.03.10"]
[SourceQuality "1"]

1. d4 Nf6 2. Bg5 c5 3. d5 d6 4. Nc3 h6 5. Bxf6 exf6 6. e3 f5 7. Bd3 g6 8. Nge2
Bg7 9. h4 h5 10. g3 O-O 11. Qd2 Nd7 12. Nf4 Ne5 13. Kf1 a6 14. a4 Qa5 15. Nb1
Qc7 16. c4 Nxd3 17. Nxd3 Bd7 18. a5 b5 19. axb6 Qxb6 20. Ra3 Rfb8 21. Nc3 a5
22. Kg2 a4 23. Rha1 Qa6 24. b3 Rb4 25. R1a2 Qb7 26. Nxa4 Rxb3 27. Naxc5 Rbxa3
28. Rxa3 dxc5 29. Nxc5 Qc8 30. Rxa8 Qxa8 31. Nxd7 Qa7 32. d6 Qxd7 33. Qd5 Bf8
34. c5 Qe6 35. Qd1 Qd7 36. Kg1 Kg7 37. Qd4+ Kh7 38. Qc4 Kg8 39. c6 Qc8 40. Qd5
Qd8 41. c7 Qd7 42. Qb7 Qxd6 43. c8=Q 1-0